[Event "SLO-ch U12 Girls"]
[Site "Postojna"]
[Date "2008.03.01"]
[Round "9"]
[White "Doberdrug, Barbara"]
[Black "Urbanc, Maja"]
[Result "0-1"]
[WhiteElo "1500"]
[BlackElo "1555"]
[PlyCount "82"]
[EventDate "2008.02.24"]
[EventType "swiss"]
[EventRounds "9"]
[EventCountry "SLO"]
[SourceTitle "EXT 2010"]
[Source "ChessBase"]
[SourceDate "2010.11.25"]
[SourceVersion "1"]
[SourceVersionDate "2010.11.25"]
[SourceQuality "1"]

1. e4 e5 2. Nf3 Nc6 3. Bb5 a6 4. Ba4 Nf6 5. Nc3 Bc5 6. 0-0 0-0 7. d3 d6 8. Bg5 Be6 9. a3 b5 10. Bb3 h6 11. Bh4 Bd4 12. Bxe6 fxe6 13. h3 Qd7 14. Rb1 d5 15. exd5 Nxd5 16. Nxd5 Qxd5 17. Nxd4 exd4 18. Re1 Qf5 19. Qe2 e5 20. Qe4 Qd7 21. Qg6 Ne7 22. Bxe7 Qxe7 23. Qc6 Qd6 24. Qxd6 cxd6 25. b4 Rac8 26. Rbc1 Rc3 27. Re2 Rxa3 28. Rb1 Rb8 29. Re4 a5 30. bxa5 Rxa5 31. c4 dxc3 32. Re2 b4 33. Rc2 b3 34. Rxc3 b2 35. Rc2 Ra1 36. Rxa1 bxa1Q+ 37. Kh2 Qd1 38. Rc3 Qd2 39. Ra3 Qxf2 40. Ra6 Qf4+ 41. Kg1 Rb1# 0-1

[Event "SLO-ch U12 Girls"]
[Site "Postojna"]
[Date "2008.02.26"]
[Round "4"]
[White "Kurincic, Nina"]
[Black "Doberdrug, Barbara"]
[Result "1-0"]
[WhiteElo "1500"]
[BlackElo "1500"]
[PlyCount "143"]
[EventDate "2008.02.24"]
[EventType "swiss"]
[EventRounds "9"]
[EventCountry "SLO"]
[SourceTitle "EXT 2010"]
[Source "ChessBase"]
[SourceDate "2010.11.25"]
[SourceVersion "1"]
[SourceVersionDate "2010.11.25"]
[SourceQuality "1"]

1. e4 e5 2. Nf3 Nc6 3. Bc4 Nf6 4. Nc3 Bb4 5. d3 0-0 6. a3 Ba5 7. 0-0 d6 8. h3 h6 9. Ne2 a6 10. Ng3 Ne7 11. Nh4 b5 12. Ba2 Nc6 13. Qf3 Nd4 14. Qd1 Bd7 15. c3 Nc6 16. Qf3 Nh7 17. Nhf5 Qf6 18. Nh5 Qg6 19. Nhxg7 Bxf5 20. Nxf5 Ng5 21. Bxg5 Qxg5 22. Qg3 Qxg3 23. fxg3 Bb6+ 24. Kh1 Rac8 25. Nxh6+ Kg7 26. Nxf7 Nd8 27. Nxd8 Rcxd8 28. h4 Rg8 29. Rad1 Rh8 30. d4 exd4 31. cxd4 Rde8 32. Rf4 Re7 33. Rdf1 Bxd4 34. Rg4+ Kh6 35. Rf5 Bxb2 36. Rfg5 Rg7 37. Rxg7 Bxg7 38. Bf7 Rf8 39. Bd5 Rf1+ 40. Kh2 Bb2 41. Bb7 Kh5 42. Rg8 a5 43. Ba6 b4 44. Bxf1 Bxa3 45. Bc4 c5 46. g4+ Kxh4 47. g5 Bb2 48. g6 Kh5 49. g7 Kh6 50. Rd8 Be5+ 51. Kh3 Bxg7 52. Rxd6+ Kg5 53. Ra6 Kf4 54. Rxa5 Bc3 55. Rxc5 Kxe4 56. g4 Kd4 57. Rc8 Ke3 58. g5 Kf4 59. g6 Kf5 60. Bd3+ Kg5 61. Rg8 Kh6 62. Kg4 b3 63. Kf5 b2 64. Bb1 Bd4 65. Ke6 Bc3 66. Kf7 Kg5 67. g7 Kf4 68. Rc8 Bxg7 69. Kxg7 Ke3 70. Rc2 Kd3 71. Rxb2+ Kc3 72. Re2 1-0